000 00709nam a2200277Ia 4500
005 20260324112645.0
008 008 260324s9999 xx 000 0 eng d
020 _a9781003546382
037 _aEBOOK
040 _aCRL
040 _beng
040 _cCRL
041 _2eng
041 _aeng
084 _qCRL
100 _aDeepika Ghai; Kirti Rawal; Kanav Dhir; Suman Lata Tripathi
_91143607
245 0 _aArtificial Intelligence Techniques for Sustainable Development
260 _bTaylor and Francis
260 _c2024
365 _a
365 _b320
856 _uhttp://www.taylorfrancis.com/books/9781003546382
942 _cEBOOK
999 _c1732896
_d1732896